Sociálne médiá ako nástroj marketingu v cestovnej agentúre Amazing Tour bakalárska práca

Guardado en:
Detalles Bibliográficos
Autor principal: Zacharová, Markéta
Autor Corporativo: Obchodná fakulta EU. Katedra služieb a cestovného ruchu - zrušené
Otros Autores: Rudolf, Ján, 1977-
Formato: Libro
Lenguaje:eslovaco
Publicado: Bratislava 2014
Etiquetas: Agregar Etiqueta
Sin Etiquetas, Sea el primero en etiquetar este registro!

MARC

LEADER 00000nbm a2200000 4500
001 0188219
005 20170201100628.1
041 0 |a slo 
044 |a SK 
245 1 0 |a Sociálne médiá ako nástroj marketingu v cestovnej agentúre Amazing Tour  |b bakalárska práca  |c Markéta Zacharová ; školiteľ: Ján Rudolf 
264 1 |a Bratislava  |c 2014 
300 |a 51 s. 
100 1 |a Zacharová, Markéta 
700 1 |a Rudolf, Ján, 1977- 
710 2 |a Obchodná fakulta EU. Katedra služieb a cestovného ruchu - zrušené